000 00509nam a2200169 i 4500
001 100881
003 ES-MaACL
005 20240426063029.0
007 t|
008 051006s1962 pr ||||1| spa d
100 0 _aMatos Paoli, Francisco,
_d1915-2000
_979096
245 1 0 _aCanto de la locura /
_cFrancisco Matos Paoli.
260 _aSan Juan de Puerto Rico :
_b[s.n.],
_c1962 (
_fDiario Día)
300 _a71 p. ;
_c29 cm.
852 _aES-MaACL
_jC-22862
_bR.51255
999 _c100881
_d100881